000 00337nam a22001457a 4500
003 OSt
005 20220104113050.0
008 220104b |||||||| |||| 00| 0 eng d
020 _a0764500511
040 _cHU
082 _a006.6869
100 _aLowe
_927069
245 _aPowerPoint 97 For Windows For Dummines
942 _2ddc
_cBOOKS
_n0
999 _c25964
_d25964